El Cristo de Mexicaltzingo (Record no. 1120)

MARC details
000 -CABECERA
campo de control de longitud fija 00918nam a2200241 a 4500
001 - NÚMERO DE CONTROL
campo de control BRCA_1250
005 - FECHA Y HORA DE LA ÚLTIMA TRANSACCIÓN
campo de control 20190320203340.0
008 - DATOS DE LONGITUD FIJA--INFORMACIÓN GENERAL
campo de control de longitud fija 861211s1949 mx-a---###---#000-0#spa-#
050 #4 - SIGNATURA TOPOGRÁFICA DE LA BIBLIOTECA DEL CONGRESO
Número de clasificación N8050
Número de documento/Ítem .C26 1949
100 1# - ENTRADA PRINCIPAL--NOMBRE DE PERSONA
Nombre de persona Carrillo y Gariel, Abelardo
9 (RLIN) 1363
245 10 - MENCIÓN DE TÍTULO
Título El Cristo de Mexicaltzingo
Resto del título técnica de las esculturas en caña
Mención de responsabilidad, etc. Abelardo Carrillo y Gariel
260 ## - PUBLICACIÓN, DISTRIBUCIÓN, ETC.
Lugar de publicación, distribución, etc. México
Nombre del editor, distribuidor, etc. Dirección de Monumentos Coloniales
Fecha de publicación, distribución, etc. 1949
300 ## - DESCRIPCIÓN FÍSICA
Extensión 88 p.
Otras características físicas il.
Dimensiones 24 cm
Material acompañante/anejo portafolio con 22 láminas, 39 cm.
500 ## - NOTA GENERAL
Nota general Incluye índice de ilustraciones
600 14 - PUNTO DE ACCESO ADICIONAL DE MATERIA--NOMBRE DE PERSONA
Nombre de persona Jesucristo
Subdivisión general Arte
9 (RLIN) 2253
610 24 - PUNTO DE ACCESO ADICIONAL DE MATERIA--NOMBRE DE ENTIDAD CORPORATIVA
Nombre de entidad corporativa o nombre de jurisdicción como elemento de entrada Mexicaltzingo
Unidad subordinada San Marcos (Iglesia)
Subdivisión geográfica México
9 (RLIN) 4120
650 14 - PUNTO DE ACCESO ADICIONAL DE MATERIA--TÉRMINO DE MATERIA
Término de materia o nombre geográfico como elemento de entrada Escultura
Subdivisión general Historia
Subdivisión geográfica México
9 (RLIN) 4121
650 14 - PUNTO DE ACCESO ADICIONAL DE MATERIA--TÉRMINO DE MATERIA
Término de materia o nombre geográfico como elemento de entrada Manuscritos mexicanos
9 (RLIN) 781
650 14 - PUNTO DE ACCESO ADICIONAL DE MATERIA--TÉRMINO DE MATERIA
Término de materia o nombre geográfico como elemento de entrada Lengua náhuatl
Subdivisión general textos
9 (RLIN) 4122
653 0# - TÉRMINO DE INDIZACIÓN--NO CONTROLADO
Término no controlado Pasta de caña
710 2# - PUNTO DE ACCESO ADICIONAL--NOMBRE DE ENTIDAD CORPORATIVA
Nombre de entidad corporativa o nombre de jurisdicción como elemento de entrada México
Unidad subordinada Dirección de Monumentos Coloniales de la República
9 (RLIN) 4123
942 ## - ELEMENTOS DE PUNTO DE ACCESO ADICIONAL (KOHA)
Fuente del sistema de clasificación o colocación Library of Congress Classification
Tipo de ítem Koha Libros
Holdings
Estado de retiro Estado de pérdida Estado dañado No para préstamo Localización permanente Ubicación/localización actual Fecha de adquisición Total de préstamos Signatura topográfica completa Código de barras Fecha visto por última vez Precio válido a partir de Tipo de ítem Koha
El ejemplar forma parte de la colección y puede ser consultado según las políticas vigentes.       Biblioteca del Museo Franz Mayer (Rogerio Casas-Alatriste) Biblioteca del Museo Franz Mayer (Rogerio Casas-Alatriste) 26/06/2008   N8050 .C26 1949 01752 22/03/2019 22/03/2019 Libros